Nadja / (Record no. 124346)
[ view plain ]
| 000 -LEADER | |
|---|---|
| fixed length control field | 00788cam a2200289 i 4500 |
| 001 - CONTROL NUMBER | |
| control field | 838489 |
| 003 - CONTROL NUMBER IDENTIFIER | |
| control field | ARRUPE |
| 005 - DATE AND TIME OF LATEST TRANSACTION | |
| control field | 20160309122714.0 |
| 008 - FIXED-LENGTH DATA ELEMENTS--GENERAL INFORMATION | |
| fixed length control field | 900605c19741964fr a 000 1 fre |
| 010 ## - LIBRARY OF CONGRESS CONTROL NUMBER | |
| LC control number | 74188288 //r86 |
| 015 ## - NATIONAL BIBLIOGRAPHY NUMBER | |
| National bibliography number | F*** |
| 035 ## - SYSTEM CONTROL NUMBER | |
| System control number | (OCoLC)832287 |
| 035 ## - SYSTEM CONTROL NUMBER | |
| System control number | (OCoLC)ocm00832287 |
| 035 ## - SYSTEM CONTROL NUMBER | |
| System control number | (CStRLIN)NYCG90-B34885 |
| 035 ## - SYSTEM CONTROL NUMBER | |
| System control number | (NNC)838489 |
| 040 ## - CATALOGING SOURCE | |
| Transcribing agency | DCL |
| 050 0# - LIBRARY OF CONGRESS CALL NUMBER | |
| Classification number | PQ2603.R35 |
| Item number | N3 |
| 300 ## - PHYSICAL DESCRIPTION | |
| Other physical details | ill. ; |
| Dimensions | 18 cm. |
| 100 1# - MAIN ENTRY--PERSONAL NAME | |
| Personal name | Breton, André, |
| Dates associated with a name | 1896-1966. |
| 9 (RLIN) | 22846 |
| 245 10 - TITLE STATEMENT | |
| Title | Nadja / |
| Statement of responsibility, etc | André Breton. |
| 250 ## - EDITION STATEMENT | |
| Edition statement | Éd. entièrement revue par l'auteur. |
| 260 ## - PUBLICATION, DISTRIBUTION, ETC. (IMPRINT) | |
| Place of publication, distribution, etc | [Paris] : |
| Name of publisher, distributor, etc | Gallimard, |
| Date of publication, distribution, etc | c1964. |
| 300 ## - PHYSICAL DESCRIPTION | |
| Extent | 189 p.; |
| 490 1# - SERIES STATEMENT | |
| Series statement | Collection Folio ; |
| Volume number/sequential designation | 73 |
| 830 #0 - SERIES ADDED ENTRY--UNIFORM TITLE | |
| Uniform title | Collection Folio ; |
| Volume number/sequential designation | 73. |
| 9 (RLIN) | 22847 |
| 942 ## - ADDED ENTRY ELEMENTS (KOHA) | |
| Source of classification or shelving scheme | Library of Congress Classification |
| Koha item type | Monograph ( Printed materials) |
| Withdrawn status | Lost status | Source of classification or shelving scheme | Damaged status | Not for loan | Collection code | Home library | Current library | Shelving location | Date acquired | Total Checkouts | Full call number | Barcode | Date last seen | Price effective from | Koha item type |
|---|---|---|---|---|---|---|---|---|---|---|---|---|---|---|---|
| Library of Congress Classification | Main Collection | ARRUPE LIBRARY | ARRUPE LIBRARY | Main Collection | 09/03/2016 | PQ2603.R35N3 | 46500006341 | 26/03/2019 | 09/03/2016 | Monograph ( Printed materials) |